[Event "Ceske Budejovice op-A"]
[Site "Ceske Budejovice"]
[Date "2025.07.04"]
[Round "7"]
[White "Velicka, Petr"]
[Black "Plischki, Sebastian"]
[Result "1/2-1/2"]
[WhiteElo "2345"]
[BlackElo "2269"]
[PlyCount "28"]
[EventDate "2025.06.28"]
[EventType "swiss"]
[EventRounds "9"]
[EventCountry "CZE"]
[SourceTitle "CB28_2025"]
[SourceDate "2025.07.09"]
[SourceVersion "1"]
[SourceVersionDate "2025.07.09"]
[SourceQuality "1"]

1. e4 c5 2. Nf3 e6 3. d4 cxd4 4. Nxd4 Nc6 5. Nb5 d6 6. c4 Nf6 7. N1c3 a6 8. Na3 Qa5 9. Bd2 Be7 10. Be2 0-0 11. 0-0 Qe5 12. Bd3 Nb4 13. Be2 Nc6 14. Bd3 Nb4 1/2-1/2

[Event "Ceske Budejovice op-A"]
[Site "Ceske Budejovice"]
[Date "2025.06.28"]
[Round "1"]
[White "Velicka, Petr"]
[Black "Zrust, Lukas"]
[Result "1-0"]
[WhiteElo "2345"]
[BlackElo "1948"]
[PlyCount "136"]
[EventDate "2025.06.28"]
[EventType "swiss"]
[EventRounds "9"]
[EventCountry "CZE"]
[SourceTitle "CB28_2025"]
[SourceDate "2025.07.09"]
[SourceVersion "1"]
[SourceVersionDate "2025.07.09"]
[SourceQuality "1"]

1. e4 c5 2. Nf3 d6 3. Bb5+ Nd7 4. d4 cxd4 5. Qxd4 a6 6. Bxd7+ Bxd7 7. c4 Nf6 8. 0-0 e5 9. Qd3 Be7 10. Nc3 0-0 11. Bg5 Bc6 12. Rfd1 Qb6 13. Bxf6 Bxf6 14. b3 Rfd8 15. Nd5 Bxd5 16. Qxd5 Rac8 17. Ne1 Qc6 18. Nc2 Qxd5 19. Rxd5 g6 20. Rad1 Be7 21. Ne3 Kg7 22. a4 Rc6 23. R5d3 Bf8 24. Nd5 f5 25. Kf1 Kf7 26. Rf3 Ke6 27. g4 f4 28. Rh3 h6 29. Ke2 Rb8 30. a5 Rc5 31. Ra1 Re8 32. Kd3 Bg7 33. b4 Rc6 34. Rd1 Rec8 35. Nb6 R8c7 36. Kc3 Bf8 37. Kb3 Bg7 38. Rhd3 Bf8 39. h4 Be7 40. Rh1 Bf8 41. h5 g5 42. Rhd1 Be7 43. f3 Bf8 44. Ka4 Be7 45. Rd5 Rxb6 46. axb6 Rxc4 47. R1d3 Rc6 48. b5 Rxb6 49. bxa6 bxa6 50. Rb3 Bd8 51. Rxb6 Bxb6 52. Kb4 Kd7 53. Rd2 Kc6 54. Rc2+ Bc5+ 55. Ka5 Kb7 56. Rb2+ Ka7 57. Rb3 Be3 58. Kb4 Bd2+ 59. Kc4 a5 60. Kd5 Bb4 61. Ke6 Kb6 62. Kf7 Kc5 63. Kg7 d5 64. Kxh6 Kc4 65. Rb1 Bf8+ 66. Kg6 d4 67. Rb8 d3 68. Rxf8 a4 1-0

[Event "CZE-chT1E 2425"]
[Site "Czech Republic"]
[Date "2025.01.19"]
[Round "6.4"]
[White "Fizer, Marek"]
[Black "Velicka, Petr"]
[Result "0-1"]
[WhiteElo "2221"]
[BlackElo "2333"]
[PlyCount "96"]
[EventDate "2024.10.20"]
[EventType "team-tourn"]
[EventRounds "11"]
[EventCountry "CZE"]
[SourceTitle "CB16_2025"]
[SourceDate "2025.04.16"]
[SourceVersion "1"]
[SourceVersionDate "2025.04.16"]
[SourceQuality "1"]
[WhiteTeam "Dobra Sokol"]
[BlackTeam "Poruba Slavoj II"]
[WhiteTeamCountry "CZE"]
[BlackTeamCountry "CZE"]

1. e4 e5 2. Nf3 Nc6 3. Bb5 Nf6 4. d3 Bc5 5. c3 0-0 6. 0-0 d6 7. Re1 Ne7 8. d4 Bb6 9. a4 c6 10. Bf1 Ng6 11. h3 Re8 12. dxe5 dxe5 13. Qxd8 Bxd8 14. Na3 h6 15. Nc4 Bc7 16. a5 Be6 17. g3 b5 18. axb6 axb6 19. Be3 b5 20. Ncd2 Nf8 21. Nh4 N8d7 22. Nf5 Kf8 23. g4 Bb6 24. Bxb6 Nxb6 25. b3 Red8 26. Rxa8 Rxa8 27. c4 b4 28. Nf3 Nbd7 29. Bd3 Ne8 30. g5 hxg5 31. Nxg5 Nc5 32. Bc2 Ra2 33. Ne3 f6 34. Nf3 Bxh3 35. Rd1 Bd7 36. Nd2 Ke7 37. Bb1 Ra8 38. Kf1 Nc7 39. Nf5+ Kf8 40. Ke2 g6 41. Nh4 Kf7 42. f4 Bg4+ 43. Ndf3 exf4 44. Rg1 Bh5 45. e5 f5 46. Kf2 N7e6 47. Ng5+ Nxg5 48. Rxg5 Ne4+ 0-1

[Event "Staufer op 35th"]
[Site "Schwaebisch Gmuend"]
[Date "2025.01.05"]
[Round "8"]
[White "Melestean, Timur"]
[Black "Velicka, Petr"]
[Result "0-1"]
[WhiteElo "2157"]
[BlackElo "2332"]
[PlyCount "150"]
[EventDate "2025.01.02"]
[EventType "swiss"]
[EventRounds "9"]
[EventCountry "GER"]
[SourceTitle "CB02_2025"]
[SourceDate "2025.01.08"]
[SourceVersion "1"]
[SourceVersionDate "2025.01.08"]
[SourceQuality "1"]

1. d4 Nf6 2. c4 e6 3. Nf3 d5 4. Nc3 c5 5. cxd5 exd5 6. g3 Nc6 7. Bg2 cxd4 8. Nxd4 Bc5 9. Nxc6 bxc6 10. 0-0 0-0 11. Qc2 Bb6 12. Na4 Bb7 13. Nc5 Qe7 14. Nxb7 Qxb7 15. b3 Rfe8 16. Bb2 Ne4 17. e3 Qd7 18. Rfd1 f5 19. Bd4 Qe6 20. b4 Bxd4 21. Rxd4 a5 22. Bxe4 fxe4 23. b5 cxb5 24. Qb3 b4 25. Rad1 h6 26. Rxd5 Kh7 27. Qa4 Qg4 28. Rf1 Qh3 29. Qb5 Re7 30. Qc5 Raa7 31. Rfd1 Qg4 32. Rd8 Rad7 33. Qc2 Rxd1+ 34. Rxd1 Rc7 35. Qxc7 Qxd1+ 36. Kg2 Qd5 37. Qc2 h5 38. h4 Kg6 39. f3 Qd3 40. Qc6+ Kh7 41. fxe4 Qe2+ 42. Kh1 Qxa2 43. Qb5 Qb1+ 44. Kh2 Qc2+ 45. Kh3 Qc8+ 46. Kh2 g6 47. Qxa5 Qc2+ 48. Kg1 Qxe4 49. Qa7+ Kh6 50. Qb8 Qxe3+ 51. Kg2 Qe4+ 52. Kh2 Kg7 53. Qb6 Qc2+ 54. Kh3 Qc4 55. Qb7+ Kf6 56. Qb8 Qe6+ 57. Kg2 b3 58. Qf8+ Ke5 59. Qf4+ Kd5 60. Qd2+ Kc4 61. Qf4+ Kd3 62. Qf3+ Kd2 63. Qf4+ Qe3 64. Qb4+ Kd1 65. Qa4 Qe2+ 66. Kg1 Qe3+ 67. Kg2 Qd3 68. Kh3 Ke2 69. Qb4 Qf5+ 70. Kh2 Qc2 71. Kh3 b2 72. Qb5+ Kf2 73. Qb6+ Kf1 74. Qa6+ Kg1 75. Qb6+ Qf2 0-1

[Event "Staufer op 35th"]
[Site "Schwaebisch Gmuend"]
[Date "2025.01.05"]
[Round "7"]
[White "Velicka, Petr"]
[Black "Czaeczine, Anne"]
[Result "1/2-1/2"]
[WhiteElo "2332"]
[BlackElo "2173"]
[PlyCount "129"]
[EventDate "2025.01.02"]
[EventType "swiss"]
[EventRounds "9"]
[EventCountry "GER"]
[SourceTitle "CB02_2025"]
[SourceDate "2025.01.08"]
[SourceVersion "1"]
[SourceVersionDate "2025.01.08"]
[SourceQuality "1"]

1. e4 c5 2. Nf3 d6 3. Bb5+ Nd7 4. Ba4 Ngf6 5. 0-0 a6 6. c4 e5 7. Nc3 Rb8 8. d3 Be7 9. a3 0-0 10. h3 Nb6 11. Bc2 Na8 12. b4 b6 13. Rb1 Bd7 14. Nd5 Nxd5 15. exd5 f5 16. bxc5 bxc5 17. Rxb8 Qxb8 18. Ba4 Bc8 19. Bc6 f4 20. Nd2 Nc7 21. f3 Bf5 22. Ne4 Bxe4 23. dxe4 Qb6 24. Ba4 Rb8 25. Qc2 Ne8 26. Kf2 Kf7 27. Ke2 g5 28. Kd3 h5 29. Bd2 Bd8 30. Bc3 Nf6 31. Qe2 h4 32. Bc2 Nh5 33. Rb1 Qa7 34. Qd1 Ng3 35. Ba4 Rxb1 36. Qxb1 Qb6 37. Qc1 Qb8 38. Kd2 Bc7 39. Ke1 Qd8 40. Qd2 Qb8 41. Bc2 Qb6 42. Qd1 Ke7 43. Bd3 Bd8 44. Kf2 Bc7 45. Bc2 Bd8 46. Ba4 Bc7 47. Bc6 Bd8 48. Qc2 Bc7 49. Qb2 Qxb2+ 50. Bxb2 Kd8 51. Bb7 a5 52. Ke1 Bb6 53. Bc1 Kc7 54. Bc6 Kb8 55. Kd1 Nf1 56. Kc2 Ne3+ 57. Bxe3 fxe3 58. Kd3 Bd8 59. Kxe3 Bf6 60. f4 gxf4+ 61. Kf3 Kc7 62. Kg4 Bd8 63. Kf5 Be7 64. Ke6 Bd8 65. Ba4 1/2-1/2

[Event "Staufer op 35th"]
[Site "Schwaebisch Gmuend"]
[Date "2025.01.02"]
[Round "1"]
[White "Nitsche, Nikolai"]
[Black "Velicka, Petr"]
[Result "1-0"]
[WhiteElo "2106"]
[BlackElo "2332"]
[PlyCount "47"]
[EventDate "2025.01.02"]
[EventType "swiss"]
[EventRounds "9"]
[EventCountry "GER"]
[SourceTitle "CB02_2025"]
[SourceDate "2025.01.08"]
[SourceVersion "1"]
[SourceVersionDate "2025.01.08"]
[SourceQuality "1"]

1. d4 d5 2. Bf4 c5 3. e3 Nc6 4. c3 Qb6 5. Qb3 c4 6. Qc2 Bf5 7. Qxf5 Qxb2 8. Qxd5 Nf6 9. Qxc4 Ne4 10. Qb5 Qc1+ 11. Ke2 f5 12. Nf3 Rd8 13. Qxb7 Na5 14. Qb5+ Rd7 15. Nfd2 Nb7 16. Nxe4 fxe4 17. g3 Nc5 18. Qxc5 Qb2+ 19. Nd2 Qxa1 20. Qc8+ Rd8 21. Qc6+ Kf7 22. Bh3 Qxh1 23. Be6+ Kg6 24. Bd7+ 1-0

[Event "CZE-chT 2425"]
[Site "Czech Republic"]
[Date "2024.11.03"]
[Round "2.8"]
[White "Rydl, Jiri"]
[Black "Velicka, Petr"]
[Result "1/2-1/2"]
[WhiteElo "2404"]
[BlackElo "2334"]
[PlyCount "97"]
[EventDate "2024.11.01"]
[EventType "team-tourn"]
[EventRounds "11"]
[EventCountry "CZE"]
[SourceTitle "CB45_2024"]
[Source "ChessBase"]
[SourceDate "2024.11.06"]
[SourceVersion "1"]
[SourceVersionDate "2024.11.06"]
[SourceQuality "1"]
[WhiteTeam "Unichess"]
[BlackTeam "Poruba Slavoj"]
[WhiteTeamCountry "CZE"]
[BlackTeamCountry "CZE"]

1. c4 e5 2. Nc3 Nf6 3. Nf3 Nc6 4. g3 Bb4 5. Bg2 Bxc3 6. bxc3 0-0 7. 0-0 d6 8. d3 e4 9. Nd4 exd3 10. exd3 Bd7 11. Rb1 Rb8 12. Nc2 Bg4 13. f3 Be6 14. f4 Qd7 15. Ne3 Bh3 16. Bxh3 Qxh3 17. f5 Ne5 18. Rf4 g5 19. fxg6 fxg6 20. d4 Ned7 21. Qf3 c6 22. Bd2 Nh5 23. Rxf8+ Rxf8 24. Qg2 Qxg2+ 25. Kxg2 b6 26. Nc2 Re8 27. Kf3 Rf8+ 28. Ke2 Ndf6 29. Be1 Ng7 30. Nb4 Rc8 31. Kd3 c5 32. Nc2 Nf5 33. Bf2 d5 34. dxc5 Ne4 35. Bg1 Nxc5+ 36. Bxc5 Rxc5 37. cxd5 Rxd5+ 38. Nd4 Ra5 39. Rb2 Nd6 40. Rf2 Re5 41. Nc6 Rd5+ 42. Kc2 Rc5 43. Ne7+ Kg7 44. Rd2 Ne4 45. Rd7 Kf8 46. Nd5 Ke8 47. Re7+ Kd8 48. Rxe4 Rxd5 49. Rf4 1/2-1/2

[Event "Ustron op-A"]
[Site "Ustron"]
[Date "2024.08.17"]
[Round "9"]
[White "Velicka, Petr"]
[Black "Pajcin, Lav"]
[Result "1/2-1/2"]
[WhiteElo "2348"]
[BlackElo "2260"]
[PlyCount "91"]
[EventDate "2024.08.09"]
[EventType "swiss"]
[EventRounds "9"]
[EventCountry "POL"]
[SourceTitle "EXT 2025"]
[Source "ChessBase"]
[SourceDate "2024.10.14"]
[SourceVersion "1"]
[SourceVersionDate "2024.10.14"]
[SourceQuality "1"]

1. d4 Nf6 2. c4 e6 3. Nc3 Bb4 4. Qc2 d5 5. a3 Bxc3+ 6. Qxc3 0-0 7. Bg5 dxc4 8. Qxc4 b6 9. Nf3 Ba6 10. Qc2 c5 11. dxc5 bxc5 12. g3 Nc6 13. Bg2 Rb8 14. 0-0 Nd4 15. Nxd4 cxd4 16. Rfd1 Qb6 17. Bxf6 gxf6 18. b4 Rfd8 19. Rac1 Qb5 20. Qe4 Qe5 21. Rd2 Rbc8 22. Rxc8 Rxc8 23. f4 Qxe4 24. Bxe4 e5 25. a4 Rc1+ 26. Kf2 Ra1 27. Bc6 Kf8 28. b5 Bc8 29. e3 Rxa4 30. b6 Ra3 31. exd4 axb6 32. dxe5 Ke7 33. exf6+ Kxf6 34. Rb2 Ra6 35. Bb5 Ra8 36. Bd3 Kg7 37. Rxb6 Ra2+ 38. Ke3 Rxh2 39. Rc6 Bg4 40. f5 f6 41. Rc7+ Kf8 42. Rc8+ Ke7 43. Rc7+ Kf8 44. Rc8+ Ke7 45. Rc7+ Kf8 46. Ke4 1/2-1/2

[Event "Ustron op-A"]
[Site "Ustron"]
[Date "2024.08.11"]
[Round "3"]
[White "Velicka, Petr"]
[Black "Golis, Wiktor"]
[Result "0-1"]
[WhiteElo "2348"]
[BlackElo "2216"]
[PlyCount "128"]
[EventDate "2024.08.09"]
[EventType "swiss"]
[EventRounds "9"]
[EventCountry "POL"]
[SourceTitle "EXT 2025"]
[Source "ChessBase"]
[SourceDate "2024.10.14"]
[SourceVersion "1"]
[SourceVersionDate "2024.10.14"]
[SourceQuality "1"]

1. c4 e6 2. Nc3 d5 3. cxd5 exd5 4. d4 c6 5. Bf4 Bd6 6. Bxd6 Qxd6 7. e3 Bf5 8. Bd3 Bxd3 9. Qxd3 Nf6 10. Nf3 Nbd7 11. 0-0 0-0 12. b4 a6 13. a4 b5 14. Rab1 Nb6 15. Ne5 Nc4 16. f4 Rfe8 17. Rfe1 Rad8 18. Re2 Re6 19. Qd1 Qc7 20. Qb3 Nd7 21. a5 Ndxe5 22. fxe5 Qe7 23. Rf1 f6 24. exf6 Rxf6 25. Rxf6 Qxf6 26. Nd1 Re8 27. Qc3 Qg6 28. Qc2 Qg5 29. h3 Re6 30. e4 Qe7 31. Nc3 dxe4 32. Rxe4 Nd6 33. Rxe6 Qxe6 34. Qd3 Qb3 35. d5 Qxb4 36. Qe3 cxd5 37. Qe6+ Nf7 38. Nxd5 Qd4+ 39. Kh1 Qa1+ 40. Kh2 Qe5+ 41. Qxe5 Nxe5 42. Nb4 Nc4 43. Nxa6 Nxa5 44. Kg3 Kf7 45. Kf4 Nc6 46. Ke4 Kf6 47. Nc7 b4 48. Kd5 Na5 49. Kd4 Kf5 50. Nd5 b3 51. Kc3 Ke4 52. Nc7 Ke5 53. Ne8 g6 54. g3 h6 55. g4 Kf4 56. Nd6 Kg3 57. Nf7 h5 58. gxh5 gxh5 59. Ng5 Kh4 60. Ne4 Kxh3 61. Kb4 b2 62. Nd2 Kg2 63. Kc3 h4 64. Kxb2 h3 0-1

[Event "Bohumin op-A 7th"]
[Site "Bohumin"]
[Date "2024.06.30"]
[Round "3"]
[White "Krajewska, Katarzyna"]
[Black "Velicka, Petr"]
[Result "0-1"]
[WhiteElo "1977"]
[BlackElo "2368"]
[PlyCount "108"]
[EventDate "2024.06.29"]
[EventType "swiss"]
[EventRounds "9"]
[EventCountry "CZE"]
[SourceTitle "CBM 221 Extra"]
[Source "ChessBase"]
[SourceDate "2024.09.30"]
[SourceVersion "1"]
[SourceVersionDate "2024.09.30"]
[SourceQuality "1"]

1. d4 d5 2. c4 c6 3. Nc3 Nf6 4. Nf3 a6 5. a4 e6 6. Qc2 a5 7. e4 dxe4 8. Nxe4 Na6 9. Nxf6+ Qxf6 10. Bg5 Nb4 11. Qe4 Qg6 12. Qxg6 hxg6 13. 0-0-0 f6 14. Bf4 Bd7 15. Bc7 c5 16. b3 cxd4 17. Nxd4 Bc5 18. Bg3 0-0-0 19. Be2 e5 20. Nc2 Bf5 21. Nxb4 Bxb4 22. Kb2 Bd2 23. f3 g5 24. Bf2 Kc7 25. h3 Rd7 26. h4 gxh4 27. Rxh4 Rxh4 28. Bxh4 Bb4 29. g4 Bg6 30. Bf2 Rxd1 31. Bxd1 b6 32. Bc2 Be8 33. Be4 Bc5 34. Be1 Kd6 35. Kc2 Ke7 36. Kd3 g6 37. Bc3 Bd6 38. Bd2 Kf7 39. Bd5+ Kg7 40. Be3 Bc5 41. Bxc5 bxc5 42. Ke4 Bd7 43. Bb7 Be6 44. b4 cxb4 45. c5 b3 46. Kd3 Kh6 47. Be4 Kg5 48. c6 f5 49. gxf5 gxf5 50. f4+ Kxf4 51. Bg2 e4+ 52. Kd2 Ke5 53. Bf1 Kd6 54. Bb5 Bd5 0-1

[Event "Oberliga Wuerttemberg 2324"]
[Site "Wuerttemberg"]
[Date "2023.09.17"]
[Round "1.1"]
[White "Koellner, Ruben Gideon"]
[Black "Velicka, Petr"]
[Result "1/2-1/2"]
[WhiteElo "2478"]
[BlackElo "2371"]
[PlyCount "59"]
[EventDate "2023.09.17"]
[EventType "team-tourn"]
[EventRounds "9"]
[EventCountry "GER"]
[SourceTitle "EXT 2025"]
[Source "ChessBase"]
[SourceDate "2024.10.14"]
[SourceVersion "1"]
[SourceVersionDate "2024.10.14"]
[SourceQuality "1"]
[WhiteTeam "Deizisau II"]
[BlackTeam "Schwaebisch Gmuend"]
[WhiteTeamCountry "GER"]
[BlackTeamCountry "GER"]

1. d4 d5 2. c4 c6 3. cxd5 cxd5 4. Nc3 Nf6 5. f3 Nc6 6. e4 e6 7. e5 Ng8 8. f4 Nge7 9. Nf3 Nf5 10. a3 Bd7 11. g3 Rc8 12. Bh3 g6 13. Bxf5 gxf5 14. 0-0 Be7 15. Be3 Na5 16. Nd2 h5 17. Rc1 a6 18. Qf3 Kf8 19. Kf2 b5 20. b4 Nc4 21. Nxc4 Rxc4 22. Nd1 a5 23. Nb2 Rxc1 24. Rxc1 axb4 25. axb4 Bxb4 26. Nd3 Be7 27. Bd2 Qb6 28. Nc5 Bxc5 29. dxc5 Qc6 30. Bb4 1/2-1/2

[Event "Oberliga Wuerttemberg 2223"]
[Site "Wuerttemberg"]
[Date "2023.04.23"]
[Round "8.1"]
[White "Dabo Peranic, Robert"]
[Black "Velicka, Petr"]
[Result "0-1"]
[WhiteElo "2305"]
[BlackElo "2355"]
[PlyCount "102"]
[EventDate "2022.09.18"]
[EventType "team-tourn"]
[EventRounds "9"]
[EventCountry "GER"]
[SourceTitle "EXT 2025"]
[Source "ChessBase"]
[SourceDate "2024.10.14"]
[SourceVersion "1"]
[SourceVersionDate "2024.10.14"]
[SourceQuality "1"]
[WhiteTeam "Deizisau II"]
[BlackTeam "Schwaebisch Gmuend"]
[WhiteTeamCountry "GER"]
[BlackTeamCountry "GER"]

1. e4 e5 2. Nf3 Nc6 3. Nc3 Nf6 4. Bb5 Bb4 5. 0-0 0-0 6. Bxc6 dxc6 7. Nxe5 Bxc3 8. dxc3 Qxd1 9. Rxd1 Nxe4 10. f3 Nd6 11. Bf4 Be6 12. b3 Rad8 13. Nd3 Bc8 14. c4 b6 15. c5 Nb5 16. c4 Nc3 17. Rd2 Rxd3 18. Rxd3 Ne2+ 19. Kf2 Nxf4 20. Rd2 bxc5 21. Re1 Ne6 22. g3 f6 23. f4 f5 24. Re5 g6 25. h4 Kg7 26. h5 g5 27. Ke3 Kf6 28. h6 Rg8 29. Rf2 gxf4+ 30. gxf4 Rg3+ 31. Rf3 Rg6 32. a3 Rxh6 33. b4 Rh2 34. bxc5 Ra2 35. Rf1 Rxa3+ 36. Kd2 Bd7 37. Ree1 h5 38. Rg1 Be8 39. Rg8 Bf7 40. Rc8 h4 41. Re3 Ra2+ 42. Kc3 Rf2 43. Rh8 Rxf4 44. Rh3 Kg5 45. Kb4 Nxc5 46. Ka5 Bxc4 47. Rc3 Nb7+ 48. Kb4 Bd5+ 49. Ka3 Nd6 50. Rc1 Nb5+ 51. Kb2 Rf2+ 0-1